Hispanoamérica: la apertura al comercio mundial 1850-1930
محفوظ في:
| المؤلف الرئيسي: | |
|---|---|
| التنسيق: | كتاب |
| اللغة: | الإسبانية |
| منشور في: |
Buenos Aires
Paidos
1974
|
| سلاسل: | Biblioteca América Latina, 18
|
| الموضوعات: | |
| الوسوم: |
إضافة وسم
لا توجد وسوم, كن أول من يضع وسما على هذه التسجيلة!
|
MARC
| LEADER | 00000nam a2200000 a 4500 | ||
|---|---|---|---|
| 001 | UCO2760 | ||
| 003 | CL-VaPUC | ||
| 008 | 000608e19740000AG |||||||||||||||||spa|d | ||
| 082 | 0 | 4 | |a 382.098 |b COR |2 21 |
| 100 | 0 | |a Cortés Conde, Roberto |e author |9 446358 | |
| 245 | 1 | 0 | |a Hispanoamérica: la apertura al comercio mundial 1850-1930 |
| 300 | |a 204 p | ||
| 942 | |c BK | ||
| 945 | |d 20000608 00:00:00 |a rherrera | ||
| 260 | |a Buenos Aires |b Paidos |c 1974 | ||
| 650 | 0 | |a Comercio |9 255341 | |
| 650 | 7 | |a ECONOMIA DE AMERICA |2 CL-VaPUC |9 446231 | |
| 650 | 7 | |a SIGLOS 19-20 |2 CL-VaPUC |9 267705 | |
| 650 | 7 | |a GUANO |2 CL-VaPUC |9 362274 | |
| 650 | 7 | |a AZUCAR |2 CL-VaPUC |9 375969 | |
| 650 | 0 | |a Minería |9 326008 | |
| 651 | 0 | |a América Latina |9 255027 | |
| 651 | 0 | |a Argentina |9 254888 | |
| 651 | 7 | |a CUBA |2 CL-VaPUC |9 255263 | |
| 651 | 7 | |a CHILE |2 CL-VaPUC |9 446359 | |
| 651 | 0 | |a Perú |9 256567 | |
| 583 | |a last modification |c 20000608 00:00:00 |k Rodrigo Vera | ||
| 490 | 0 | |a Biblioteca América Latina, 18 | |
| 999 | |c 289255 |d 289253 | ||
| 952 | |0 0 |1 0 |4 0 |6 382_098000000000000_COR_1974 |7 0 |8 A |9 337506 |a BIBHIS |b BIBHIS |d 2019-11-20 |i 1286927 |o 382.098 COR 1974 |p 1286927 |r 2025-01-20 |w 2019-11-20 |y BK |k HIS | ||